000 00539nam a2200193Ia 4500
005 20250508151419.0
008 008 250505s9999 xx 000 0 eng d
037 _aTextual
040 _aFEDL
_beng
_cFEDL
041 _aeng
_2eng
084 _a330.973, LIL
_qFEDL
100 _aLilienthal David E.
245 0 _aBig business : A new era
260 _aNew York, USA
_bHarper and Brothers Publishers
_c1953
300 _axii,209p.
650 _aEconomics
942 _cTEXL
_h330.973, LIL
999 _c1329621
_d1329621